Quizzes
Events
Quiz Creation
Community
Videos
Private Events
Remove Ads
Sign In
Join for FREE
Feedback
Dark Mode
Quiz Categories
Sports
Geography
Music
Movies
Television
Just For Fun
Miscellaneous
History
Literature
Language
Science
Gaming
Entertainment
Religion
Holiday
For Kids
Quiz Lab
Recent
Popular Today
Quiz Kudos Today
Editor Picks
Curator Picks
Quizzes by...
Day
Popularity
Type
Ratings
Length
Year
Community
Subscriptions
Recent Discussions
Orange Saloon
Badges
Playlists
Quests
Create
Leaderboards
Showdown
Live 5
Trivia Bingo
Activity
Puzzle Library
Sporcle Events
Private Events
Virtual Trivia
Globe League
Become a Host
Pub Owners
SporcleCon
Opinionation
Our Games
Videos
Blog
Mobile Apps
Partnerships
Remove Ads and Go Orange
Feedback
Sports
Athletes
MLB
NBA
NHL
NFL
Soccer
Sports Teams
WWE
NCAA
Football
Premier League
Basketball
Baseball
Hockey
Golf
Tennis
Cricket
Rugby
Auto Racing
Olympics
World Cup
Sports
Athletes
MLB
NBA
NHL
NFL
Soccer
Sports Teams
WWE
NCAA
Football
Premier League
Basketball
Baseball
Hockey
Golf
Tennis
Cricket
Rugby
Auto Racing
Olympics
World Cup
Random Quiz
Search Sporcle
×
Quiz Lab
Quiz Lab
Sports
grid
Type in answers that appear in a list
Type in answers that appear in a list
Classic
Best Score? Go Orange.
1995 Indy 500 Starting Grid Stats
Can you name the 1995 Indy 500 Starting Grid?
By
kotenbe
6m
33 Questions
159 Plays
159 Plays
159 Plays
Comments
Comments
Give Quiz Kudos
Give Quiz Kudos
-
- Ratings
hide this ad
Replay
Link that replays current quiz
Next Quiz
Link to next quiz in quiz playlist
You Got
0%
They Got
Avg Score
77%
Avg Friend Score
Upgrade to see
Score Distribution
Jump to the score distribution portion of the page
Score
0/33
Timer
06:00
0
Plays Today
Position
Driver
% Correct
4
Michael Andretti
94.3%
5
Jacques Villeneuve
93.7%
1
Scott Brayton
93.1%
2
Arie Luyendyk
93.1%
21
Bobby Rahal
92.5%
3
Scott Goodyear
90.6%
27
Christian Fittipaldi
89.3%
14
Eddie Cheever
88.1%
9
Jimmy Vasser
85.5%
16
Paul Tracy
83.6%
23
Buddy Lazier
83%
13
Roberto Guerrero
82.4%
29
Carlos Guerrero
82.4%
7
Robby Gordon
81.1%
30
Scott Sharp
81.1%
8
Scott Pruett
79.2%
22
Raul Boesel
79.2%
Position
Driver
% Correct
33
Bryan Herta
78.6%
6
Mauricio Gugelmin
76.7%
24
Eliseo Salazar
76.1%
18
Danny Sullivan
74.8%
11
Stan Fox
74.2%
28
Lyn St James
74.2%
19
Gil de Ferran
73%
32
Davy Jones
71.7%
15
Teo Fabi
70.4%
25
Adrian Fernandez
68.6%
31
Stefan Johansson
67.3%
12
Andre Ribiero
60.4%
10
Hiro Matsushita
59.7%
17
Alessandro Zampedri
59.7%
20
Hideshi Matsuda
57.2%
26
Eric Bachelart
56%
Quiz Playlist
Details
Report
Send in Message
Add To Playlist
Classic:
Type in answers that appear in a list
Last Updated: Feb 16, 2017
Quiz Scoreboard
CHALLENGE
Sign Up to Join the Scoreboard
Show All
Scores
Hide
Comments
May contain spoilers
Recently Published
An Introduction to Baseball
by treessimontrees
Sports
5m
Movies - When Are They Set?
by FPL_Elf
Movies
5m
Popular People in 1961
by mucciniale
History
6m
More to Explore
Quiz From the Vault
Featured Blog Post
Where Did the Easter Bunny Come From?
hide this ad
You Might Also Like...
Tags
1995
grid
Indy 500
Qualifying
Starting
Today's Top Quizzes in Sports
Browse Sports
hide this ad
Today's Top Quizzes in grid
Browse grid
Top Contributed Quizzes in Sports
1
Les meilleurs buteurs des matchs entre le PSG et l’OM
2
2022 World Cup Stars
3
FIFA Club World Cup Champions
4
Les entraîneurs de l'OM et du PSG au 21e siècle
5
Name the Premier League winners with different clubs
6
La finale Lions - Afrique du Sud 2021
7
Criteria MLB: Left Handed Sluggers
8
Les joueurs passés par le LOSC et le RC Lens
9
Players with Multiple 50 Home Run Seasons
10
MLB Players with Two .350 Batting Average Seasons
Explore More
Trending Topics
NBA
Disney
Kpop
Anime
Marvel
Harry Potter
Crossword
The Office
Pokémon
WWE
Song
NFL
Soccer
Country
Puzzle
hide this ad
More By:
kotenbe
Quiz
Plays
Rating
Category
Featured
Created
Mid Ohio IndyCar Top 5 Finishers
183
3.00
Sports
Apr 15, 2015
NHRA Career Wins
168
Sports
May 11, 2014
1995 Indy 500 Starting Grid
159
Sports
Apr 19, 2015
Milwaukee USAC IndyCar Top 5 Finishers
142
1.00
Sports
Apr 29, 2015
Michigan IndyCar Top 5 Finishers
134
2.33
Sports
Apr 18, 2015
Go to Creator's Profile
Score Distribution
Quiz Creator Spotlight
kotenbe
Follow
Send a Message
Quizzes Created
-
Created Quiz Play Count
-
More By This Creator
Popular Quizzes Today
1
Find the Countries of Europe - No Outlines Minefield
2
Find the US States - No Outlines Minefield
3
The Countries of the World
4
Popular People in 1961
5
US States
6
1-10 Letter E Words III
7
Find the US States
8
One Thing in Common: World Cities II
More Sports Quizzes
Great Named Sports Plays
Quiz Lab
Trending Quizzes
Risky Map Clicking: Least Populous States A-Z
1-10 Letter F Words
1-10 Letter G Words
One Thing in Common: United Kingdom
Risky Map Clicking: Next State Alphabetically
Recently Updated
Leaping Animals
pecheneg
Reality TV Shows (A-Z)
bhenderson79
Rickey Henderson's Hall of Fame Teammates
pecheneg
Champions League XIs: Arsenal
pecheneg
Quick Pick: Celebrities in WWE's Hall of Fame
aduchscher
A-Z Keypad Blitz II
pecheneg
Multiple Oscar Actors
pecheneg
Mystery Phrase Blitz: Oscar 'Best Actors'
pecheneg
F. Scott Fitzgerald Novels
LTH
Pick 3 Villains
ddd62291
Trending Topics
Crossword
Marvel
Kpop
Anime
Disney
Harry Potter
NBA
NFL
Puzzle
WWE
Country
Song
The Office
Pokémon
Soccer
Your Account Isn't Verified!
In order to create a playlist on Sporcle, you need to verify the email address you used during registration. Go to your
Sporcle Settings
to finish the process.
Report this User
Report this user for behavior that violates our
Community Guidelines
.
Details:
Send Report
Go to the Sporcle.com Mobile Site →
Comments